000 00711cam a2200241 a 4500
020 _a9789712202575
020 _a9712202577
040 _cAU@
082 _a632 IRR 2010 A040 Or.
245 0 0 _aRodent outbreaks :
_becology and impacts /
260 _aMetro Manila, Philippines :
_bIRRI,
_c2010.
300 _avii, 289 p. :
_bill. (some col.), maps (some col.) ;
_c23 cm.
650 0 _aRodents
650 0 _aRodents
650 0 _aRodents
650 0 _aRodents
650 0 _aAgricultural pests
650 0 _aAgricultural pests.
700 1 _aSingleton, Grant R.
710 2 _aInternational Rice Research Institute.
856 4 1 _uhttp://www.loc.gov/catdir/toc/fy12pdf02/2011308234.html
942 _cEK
999 _c12213
_d12213